Song Titles with Shared First Words #3 - Statistics

General Stats
  • This quiz has been taken 3,500 times
  • The average score is 17 of 24
Answer Stats
Ends Of Song Titles First Word % Correct
La Vida Loca, On A Prayer Livin'
95%
No Mountain High Enough, It Funny Ain't
94%
A Man Loves A Woman, Doves Cry When
93%
Arms Wide Open, Or Without You With
92%
Digger, Rush, Roses Gold
90%
Can't Touch This, Remind Me U
90%
Got Back, Boy, Be Mine Baby
76%
Rock Anthem, In The U.S.A. Party
76%
Don't Go, Mr. Postman Please
75%
Of Gold, Of Glass Heart
74%
By Me, Up, By Your Man Stand
73%
Police, Chameleon Karma
69%
Adrift On Memory Bliss, Me Free Set
69%
Horses, Little Thing Called Love Crazy
68%
Train To Clarksville, Christmas Last
67%
Stuff, In Herre Hot
64%
Yellow Brick Road, Cruel World Goodbye
61%
Bangs, Loves You She
58%
Like You, To Call My Lover Someone
49%
Diana, Old Town Dirty
48%
Dance, Go Crazy Let's
47%
Shake, Shuffle Harlem
45%
For Nothing, In The Grave Money
43%
Yourself, My Breath Lose
40%
No matching quizzes found
Score Distribution
Percent of People with Each Score
Percentile by Number Answered
Your Score History
You have not taken this quiz